|
|
|
|
| LEADER |
01964nam a2200445 i 4500 |
| 001 |
EBC1433466 |
| 003 |
MiAaPQ |
| 005 |
20200520144314.0 |
| 006 |
m o d | |
| 007 |
cr cnu|||||||| |
| 008 |
140606t20082008gw ob 001 0 ger d |
| 020 |
|
|
|z 9783486583380
|
| 020 |
|
|
|a 9783486718102 (e-book)
|
| 035 |
|
|
|a (MiAaPQ)EBC1433466
|
| 035 |
|
|
|a (Au-PeEL)EBL1433466
|
| 035 |
|
|
|a (CaPaEBR)ebr10874782
|
| 035 |
|
|
|a (CaONFJC)MIL610424
|
| 035 |
|
|
|a (OCoLC)879550888
|
| 040 |
|
|
|a MiAaPQ
|b eng
|e rda
|e pn
|c MiAaPQ
|d MiAaPQ
|
| 043 |
|
|
|a e-gx---
|
| 050 |
|
4 |
|a DD258.8
|b .A384 2008
|
| 082 |
0 |
|
|a 327.43
|2 23
|
| 245 |
0 |
0 |
|a Akten zur Auswartigen politik der Bundesrepublik Deutschland.
|p 1977 /
|c wissenschaftliche Leiterin Ilse Dorothee Pautsch ; Bearbeiter, Amit Das Gupta [and four others] ; Umschlaggestaltung, Dieter Vollendorf.
|
| 264 |
|
1 |
|a Munich, Germany :
|b R. Oldenbourg Verlag,
|c 2008.
|
| 264 |
|
4 |
|c 2008
|
| 300 |
|
|
|a 1 online resource (2055 pages)
|
| 336 |
|
|
|a text
|2 rdacontent
|
| 337 |
|
|
|a computer
|2 rdamedia
|
| 338 |
|
|
|a online resource
|2 rdacarrier
|
| 504 |
|
|
|a Includes bibliographical references and indexes.
|
| 588 |
|
|
|a Description based on online resource; title from PDF title page (ebrary, viewed June 6, 2014).
|
| 590 |
|
|
|a Electronic reproduction. Ann Arbor, MI : ProQuest, 2015. Available via World Wide Web. Access may be limited to ProQuest affiliated libraries.
|
| 651 |
|
0 |
|a Germany (West)
|x Foreign relations
|v Sources.
|
| 655 |
|
4 |
|a Electronic books.
|
| 700 |
1 |
|
|a Pautsch, Ilse Dorothee,
|e field director.
|
| 700 |
1 |
|
|a Das Gupta, Amit,
|e editor.
|
| 700 |
1 |
|
|a Vollendorf, Dieter,
|e cover designer.
|
| 776 |
0 |
8 |
|i Print version:
|t Akten zur Auswartigen politik der Bundesrepublik Deutschland. 1977.
|d Munich, Germany : R. Oldenbourg Verlag, c2008
|h lxxxv, 1968 pages
|z 9783486583380
|
| 797 |
2 |
|
|a ProQuest (Firm)
|
| 856 |
4 |
0 |
|u https://ebookcentral.proquest.com/lib/matrademy/detail.action?docID=1433466
|z Click to View
|